<?xml version="1.0" encoding="UTF-8"?>
<record
    xmlns:xsi="http://www.w3.org/2001/XMLSchema-instance"
    xsi:schemaLocation="http://www.loc.gov/MARC21/slim http://www.loc.gov/standards/marcxml/schema/MARC21slim.xsd"
    xmlns="http://www.loc.gov/MARC21/slim">

  <leader>00703nam a2200193 a 4500</leader>
  <controlfield tag="001">BRCA_9018</controlfield>
  <controlfield tag="005">20190320210509.0</controlfield>
  <controlfield tag="008">200717s--------gw-b######---#000-0#ger-#</controlfield>
  <datafield tag="041" ind1=" " ind2=" ">
    <subfield code="a">ger</subfield>
  </datafield>
  <datafield tag="044" ind1=" " ind2=" ">
    <subfield code="a">gw</subfield>
  </datafield>
  <datafield tag="084" ind1=" " ind2=" ">
    <subfield code="a">LM40</subfield>
    <subfield code="b">.S75</subfield>
  </datafield>
  <datafield tag="100" ind1="1" ind2=" ">
    <subfield code="a">Stieler, Adolf</subfield>
    <subfield code="9">22364</subfield>
  </datafield>
  <datafield tag="245" ind1="1" ind2="0">
    <subfield code="a">Hand-Atlas &#xFC;ber alle theile der erde und &#xFC;ber das weltgeb&#xE4;ude</subfield>
    <subfield code="b">nach dem neuesten zustande</subfield>
    <subfield code="c">herausgegeben, und mit Herrn Hofrath C.G. Reichard; gemeinschaftlich augearbeitet, von Adolf Stieler.</subfield>
  </datafield>
  <datafield tag="260" ind1=" " ind2=" ">
    <subfield code="a">Gotha</subfield>
    <subfield code="b">bei Justus Perthes</subfield>
    <subfield code="b">il. mapas</subfield>
    <subfield code="c">35.5 x 23.5 cm</subfield>
  </datafield>
  <datafield tag="500" ind1=" " ind2=" ">
    <subfield code="a">Estado f&#xED;sico: presenta encuadernaci&#xF3;n en piel y deteriorada</subfield>
  </datafield>
  <datafield tag="650" ind1="1" ind2="4">
    <subfield code="a">Atlas</subfield>
    <subfield code="z">Alemania</subfield>
    <subfield code="9">22365</subfield>
  </datafield>
  <datafield tag="902" ind1=" " ind2=" ">
    <subfield code="a">CFM</subfield>
  </datafield>
  <datafield tag="942" ind1=" " ind2=" ">
    <subfield code="2">lcc</subfield>
    <subfield code="c">B</subfield>
  </datafield>
  <datafield tag="999" ind1=" " ind2=" ">
    <subfield code="c">8669</subfield>
    <subfield code="d">8669</subfield>
  </datafield>
  <datafield tag="952" ind1=" " ind2=" ">
    <subfield code="0">0</subfield>
    <subfield code="1">0</subfield>
    <subfield code="4">0</subfield>
    <subfield code="7">0</subfield>
    <subfield code="a">BRCA</subfield>
    <subfield code="b">BRCA</subfield>
    <subfield code="d">2017-07-20</subfield>
    <subfield code="l">0</subfield>
    <subfield code="o">LM40 .S75</subfield>
    <subfield code="p">CFM00289</subfield>
    <subfield code="r">2019-03-22 00:00:00</subfield>
    <subfield code="w">2019-03-22</subfield>
    <subfield code="y">B</subfield>
  </datafield>
</record>
